| 000 | 00855nam a2200217 a 4500 | ||
|---|---|---|---|
| 005 | 20240911063853.0 | ||
| 008 | 991125n199 mx 000 0 spa u | ||
| 035 | _aUPN01000011020 | ||
| 049 | _aAV | ||
| 099 | _aPVI A 0688 | ||
| 245 | 0 | 0 |
_aConocimiento y educación para el futuro : _bartes y humanidades [II]. |
| 260 |
_aMéxico : _bANUIES ; _bILCE, _c[199-]. |
||
| 300 |
_a1 videocasete (VHS) (109 min. en 6 partes) : _bson., col. |
||
| 500 | _aVideo 8 de 10 | ||
| 505 | 8 |
_aContenido : _tBalcón de Moctezuma -- _tMuseo de la Ex-aduana -- _tNueva vida para una obra maestra -- _tCultura purépecha -- _tPasión yolem'me -- _tCódice digital, Arnulfo Aquino, obra gráfica |
|
| 650 | 2 |
_aArqueología _zMéxico _94722 |
|
| 650 | 0 |
_aFolklore _zMéxico _911443 |
|
| 650 | 4 |
_aArte _zMéxico _95028 |
|
| 740 | 0 | _aArtes y humanidades [II] | |
| 905 | _aAudiovisuales | ||
| 999 |
_c11020 _d11020 |
||